Language and literature assessment : (Record no. 5646)

MARC details
000 -LEADER
fixed length control field 00720nam a22002297a 4500
003 - CONTROL NUMBER IDENTIFIER
control field OSt
005 - DATE AND TIME OF LATEST TRANSACTION
control field 20251112111720.0
008 - FIXED-LENGTH DATA ELEMENTS--GENERAL INFORMATION
fixed length control field 251112b |||||||| |||| 00| 0 eng d
020 ## - INTERNATIONAL STANDARD BOOK NUMBER
International Standard Book Number 971-685-772-1.
040 ## - CATALOGING SOURCE
Original cataloging agency DWC-Main Lib.
Transcribing agency OC
082 ## - DEWEY DECIMAL CLASSIFICATION NUMBER
Classification number Fil. 400 G573l 2010
100 ## - MAIN ENTRY--PERSONAL NAME
Personal name GO, MILDRED
245 ## - TITLE STATEMENT
Title Language and literature assessment :
Remainder of title a comprehensive guide/
Statement of responsibility, etc. MILDRED GO
260 ## - PUBLICATION, DISTRIBUTION, ETC.
Place of publication, distribution, etc. Quezon City :
Name of publisher, distributor, etc. Lorimar Pub. Inc. ,
Date of publication, distribution, etc. c2010.
300 ## - PHYSICAL DESCRIPTION
Extent vii, 113 p. :
Other physical details ill. ;
Dimensions 26 cm.
504 ## - BIBLIOGRAPHY, ETC. NOTE
Bibliography, etc. note Includes bibliographical references
650 ## - SUBJECT ADDED ENTRY--TOPICAL TERM
Topical term or geographic name entry element 1. Language and languages.
650 ## - SUBJECT ADDED ENTRY--TOPICAL TERM
Topical term or geographic name entry element 2. Language arts.
650 ## - SUBJECT ADDED ENTRY--TOPICAL TERM
Topical term or geographic name entry element 3. Literature.
700 ## - ADDED ENTRY--PERSONAL NAME
Personal name POSECION, OFELIA T.
942 ## - ADDED ENTRY ELEMENTS (KOHA)
Source of classification or shelving scheme Dewey Decimal Classification
Koha item type Book-Filipiniana
Classification part Fil.
Suppress in OPAC No
952 ## - LOCATION AND ITEM INFORMATION (KOHA)
--
952 ## - LOCATION AND ITEM INFORMATION (KOHA)
--
952 ## - LOCATION AND ITEM INFORMATION (KOHA)
--
952 ## - LOCATION AND ITEM INFORMATION (KOHA)
--
Holdings
Withdrawn status Lost status Source of classification or shelving scheme Damaged status Not for loan Home library Current library Shelving location Date acquired Source of acquisition Cost, normal purchase price Total Checkouts Full call number Barcode Date last seen Copy number Price effective from Koha item type Uniform Resource Identifier
    Dewey Decimal Classification     College Library College Library Filipiniana 06/22/2011 School Fund 495.00   Fil. 400 G573l 2010 CL48475 11/12/2025 c1 11/12/2025 BK - FIL
    Dewey Decimal Classification     College Library College Library Filipiniana 10/31/2013 School Fund     Fil. 400 G573l 2010 CL50360 11/12/2025 c2 11/12/2025 BK - FIL
    Dewey Decimal Classification     College Library College Library Filipiniana 01/06/2014 School Fund     Fil. 400 G573l 2010 CL50472 11/12/2025 c3 11/12/2025 BK - FIL
    Dewey Decimal Classification     College Library College Library Filipiniana 05/12/2014 School Fund     Fil. 400 G573l 2010 CL50810 11/12/2025 c4 11/12/2025 BK - FIL